000
00271nam a22001217a 4500
082
_a
894.812.3
_b
SAT/D
100
_a
SATHEESAN
245
_a
DHASAVATHARA KATHAKAL
260
_a
THRISSUR
_b
H&C PUBLISHING HOUSE
300
_a
71
650
_a
SHORT STORY
_z
KERALA
942
_c
BK
999
_c
1280
_d
1280